=LDR 00000nam 2200000 4500 =001 INLIS000000000053703 =005 20190124095726 =035 ##$$a 0010-0119000019 =007 ta =008 190124###########################0###### =020 ##$$a 979-523-007-7 =082 ##$$a F Rom K =084 ##$$a F Rom K Cro k.2 =100 #$$a Gillian Cross =245 1#$$a Kepala sekolah sinting =260 ##$$a Jakarta :$b Dian Rakyat,$c 1982 =300 ##$$a 92 hlm : $b ilus ; $c 17 cm =990 ##$$a 00900090 =990 ##$$a 00092391